000 01048cab a2200265 4500
001 ABS50167
008 090401t1994 xxu||||| |||| 00| 0 eng d
035 _a(Sirsi) u74467
041 _aeng
245 _aBusby and another v Co-operative Insurance Society Ltd
260 _c1994
350 _a0
490 _aEstates Gazette
_v(1994) 06 EG 141-143(3)
520 _aCC 20 September 1993. Held that transitional provisions in Local Government and Housing Act 1989 sch 7 para 4 allowing compensation 16 times the rateable value, when the landlord was not renewing the tenancy, did not apply to purely business premises but to premises entirely or partially for residential use.
650 _aAPPROPRIATE MULTIPLER
650 _aBUSINESS TENANCIES
650 _aCOMPENSATION
650 _aLOCAL GOVERNMENT AND HOUSING ACT 1989 SCHEDULE 7
650 _aRATEABLE VALUE
650 _aRESIDENTIAL
650 _aTRANSITIONAL PROVISIONS
690 _aLANDLORD AND TENANT-CASE LAW-BUSINESS TENANCIES
942 _n0
948 _c04/03/1997
999 _c46967
_d46967